Akreditační systém v Německu a boloňská deklarace

Boloňský proces ako možná cesta k európskemu vysokoškolskému priestoru, Novelizácia nemeckého vysokoškolského zákona a zavedenie akreditačného systému. Nemecký model akreditácie. Súčasný stav akreditačných procesov v Nemecku.

Gespeichert in:
Bibliographische Detailangaben
1. Verfasser: Rýdl, Karel
Format: Buchkapitel
Sprache:Tschechisch
Schlagworte:
Tags: Tag hinzufügen
Keine Tags, Fügen Sie das erste Tag hinzu!

MARC

LEADER 00000naa$a2200000$$$4500
001 0024280
005 20230919104141.1
041 0 |a cze 
044 |a CZ 
245 1 0 |a Akreditační systém v Německu a boloňská deklarace  |c Karel Rýdl 
520 |a Boloňský proces ako možná cesta k európskemu vysokoškolskému priestoru, Novelizácia nemeckého vysokoškolského zákona a zavedenie akreditačného systému. Nemecký model akreditácie. Súčasný stav akreditačných procesov v Nemecku. 
610 2 0 |a akreditácia 
610 2 0 |a štúdium vysokoškolské 
610 2 0 |a Nemecko 
610 2 0 |a deklarácia 
610 2 0 |a Bologna 
610 2 0 |a vzdelanie vysokoškolské 
610 2 0 |a Európska únia 
100 1 |a Rýdl, Karel